000
00205 a2200097 4500
001
1738
100
_a
Binns, H.
245
_a
Examples in engineering drawing
260
_a
_b
E.U.P.
_c
090
_c
1274
_d
1274
942
_a
NUST-CAE
_c
M
_c
3047
999
_c
236811
_d
236811